Automated shoreline detection and short term shoreline change analysis from video imagery (Record no. 6527)

MARC details
000 -LEADER
fixed length control field 02414nam a22001937a 4500
003 - CONTROL NUMBER IDENTIFIER
control field OSt
005 - DATE AND TIME OF LATEST TRANSACTION
control field 20220107122851.0
008 - FIXED-LENGTH DATA ELEMENTS--GENERAL INFORMATION
fixed length control field 190628b xxu||||| |||| 00| 0 eng d
040 ## - CATALOGING SOURCE
Transcribing agency IIITMK
100 ## - MAIN ENTRY--PERSONAL NAME
Personal name Gopika P (92317011)
9 (RLIN) 15983
245 ## - TITLE STATEMENT
Title Automated shoreline detection and short term shoreline change analysis from video imagery
300 ## - PHYSICAL DESCRIPTION
Extent MSC GIS 2017-2019
500 ## - GENERAL NOTE
General note Coastalmonitoringisthemostemployedmethodwhichisbeingused to<br/>understandthemechanismswhichcontrolsbeachevolutions.Amongthe<br/>enormousmethodsofoceanmonitoringlikebeachcampaigns,aerialimagery<br/>monitoring,satelliteremotesensingandotherGIStechniques,oneadvanced<br/>andmoreaccuratemethodofcoastalmonitoringinvolvesvideomonitoring<br/>techniques.Thisisonetechniquewhichsbeingdevelopedoveradecadeand<br/>stillgettingmuchpopularityallovertheworldasitallowsthestudyof<br/>coastalenvironmentinacontinuativeandautomaticway.Sothiscanbeused<br/>formonitoringnearshore processesin bothhightemporaland spatial<br/>samplingfrequency,withlowlogisticandcostefforts.Oncomparingwithall<br/>theothermethods,itismorepreciseandaccurate,asitcanbedeployedover<br/>lowcost,anditprovidesmorerealtimedatawithoutanytimeconsumption.<br/>Climaticandseasonalvariationsoverthenearshoreregioncanbeeasily<br/>obtainedandanalyzed overalarge areaofthecoastlineevenly.Many<br/>parametersofinterestwhichcanbestudiedinrealtimewiththistechnique<br/>,whichincludesevolutionoftheshorelineandsubmergedbars,wavedirection,<br/>stormimpactandseasonalchanges.<br/>Thepurposeofthisstudyincludesextractionofshorelineandanalyzingits<br/>changesovertimebyusingthevideoremotesensingtechniques.Shoreline<br/>whichisthe zoneofcontactbetweenthebodyofwaterandland,whichisan<br/>interfacewhichchangesovertimeduetovariousbiological,physical,chemical<br/>anddynamicalmethods.Extractingtheshorelineandanalyzingitsvariations<br/>over aregulartimeperiodcanbeusedtounderstandtherateofcoastal<br/>erosionsthathappenedduetovariouscauses,bothnaturalandunderhuman<br/>interventions.Theentirestudyisconductedbyusingtimeximageswhichare<br/>obtainedfromvideoimagery.Forprocessing,extractingandanalyzingthereal<br/>timedataMatlabisused.Herethesnapshotsfrom videodataatatime<br/>scheduleof10minutes,inwhichthefrequencyofthevideodataisreducedto<br/>2Hztounderstandthealongshoreandoffshoremorphologicalchanges.
502 ## - DISSERTATION NOTE
Degree type MSC GIS
Name of granting institution 2017-2019
Year degree granted INT
-- Radhakrishnan T
650 ## - SUBJECT ADDED ENTRY--TOPICAL TERM
Topical term or geographic name entry element VIDEO REMOTE SENSING
9 (RLIN) 15984
650 ## - SUBJECT ADDED ENTRY--TOPICAL TERM
Topical term or geographic name entry element SHORELINE
9 (RLIN) 15985
650 ## - SUBJECT ADDED ENTRY--TOPICAL TERM
Topical term or geographic name entry element VIDEO MONITORING TECHNIQUES
9 (RLIN) 15986
942 ## - ADDED ENTRY ELEMENTS (KOHA)
Source of classification or shelving scheme Dewey Decimal Classification
Koha item type
Holdings
Withdrawn status Lost status Source of classification or shelving scheme Damaged status Not for loan Collection code Home library Current library Shelving location Date acquired Total Checkouts Barcode Date last seen Price effective from Koha item type
    Dewey Decimal Classification     Non Fiction IIITM-K Kerala University of Digital Sciences, Innovation and Technology Knowledge Centre   28/06/2019   R-1533 28/06/2019 28/06/2019 Project Reports